| 000 | 01008nas a2200337 4500 | ||
|---|---|---|---|
| 001 | BR2013005214 | ||
| 003 | BR-BrBNA | ||
| 005 | 20231205122558.0 | ||
| 007 | ta | ||
| 008 | 230509b bl.|||p| |||| 00| 00por d | ||
| 040 |
_aBR-BrBNA _bpor _cBiblioteca Nacional de Agricultura |
||
| 041 | _a(Pt) | ||
| 072 | _aL01 | ||
| 100 | 1 | _aAlonso, J. de M. | |
| 100 | 1 | _aWatanabe, M.J. | |
| 100 | 1 | _aHussni, C.A. | |
| 100 | 1 | _aMantovani, C. de F. | |
| 100 | 1 | _aFernandes, V.S. | |
| 100 | 1 | _aMachado, L.P. | |
| 100 | 1 | _aYonezawa, L.A. | |
| 100 | 1 | _aKohayagawa, A. | |
| 100 | 1 | _aThomassian, A. | |
| 245 | 1 | _aO treinamento nos valores V200, FCpico e distância percorrida de cavalos da raça árabe e crioula | |
| 650 | _aCAVALO | ||
| 650 | _aFISIOLOGIA ANIMAL | ||
| 650 | _aADESTRAMENTO | ||
| 650 | _aAPARELHO RESPIRATÓRIO | ||
| 773 | 0 |
_tCiência Rural (Brazil) _xISSN 0103-8478 _g(Apr 2013), v. 43(4) p. 722-728 _wBR2013005214 |
|
| 909 |
_a202311 _bLúcia _c55 _dLúcia Elande |
||
| 942 |
_2AGRIS _n0 _cANA |
||
| 999 |
_c229388 _d229388 |
||